Richest Countries that Were Ever Communist - Statistics

General Stats
  • This quiz has been taken 20,064 times
  • The average score is 8 of 10
Answer Stats
GDP/capita Country % Correct
$47,070 Poland
92%
$43,179 Romania
84%
$49,060 Czech Republic
82%
$45,122 Estonia
82%
$41,730 Latvia
82%
$45,692 Hungary
81%
$50,475 Lithuania
81%
$44,081 Slovakia
81%
$53,287 Slovenia
77%
$45,702 Croatia
76%
No matching quizzes found
Score Distribution
Percent of People with Each Score
Percentile by Number Answered
Your Score History
You have not taken this quiz